000 01059cam a22002651 4500
001 gs 65000316
003 DLC
005 20260227111417.0
008 780720s1965 dcub b f000 0 eng c
010 _ags 65000316
035 _a(OCoLC)4071134
040 _aU.S. Geol. Survey. Libr.
_cCLS
_dOCoLC
_dDLC
042 _apremarc
050 0 0 _aTC801
_b.U2 no. 1792
100 1 _aWilliams, John R.,
_d1924-
245 1 0 _aGround water in permafrost regions :
_ban annotated bibliography /
_cby John R. Williams.
260 _aWashington :
_bU.S. Govt. Print. Off.,
_c1965.
300 _aiii, 294 p. :
_bfold. map (in pocket) ;
_c24 cm.
490 1 _aGeological Survey (U.S.). Water-supply paper
_v1792
501 _aWith : Hydrologic conditions near Glendo, Platte County, Wyoming. Washington : U.S. Govt. Print. Off., 1965. Bound together subsequent to publication.
_5DLC
650 0 _aGroundwater
_vBibliography.
650 0 _aPermafrost
_vBibliography.
650 0 _aWater-supply
_vBibliography.
830 0 _aWater-supply paper (Washington, D.C.) ;
_v1792.
999 _c30073
_d30073